El ladrillo en la construcción (Registro nro. 1885)
[ vista simple ]
| 000 -LEADER | |
|---|---|
| fixed length control field | 00722nam a2200253Ia 4500 |
| 005 - DATE AND TIME OF LATEST TRANSACTION | |
| control field | 20251020182525.0 |
| 008 - FIXED-LENGTH DATA ELEMENTS--GENERAL INFORMATION | |
| fixed length control field | 200515s9999 xx 000 0 und d |
| 020 ## - INTERNATIONAL STANDARD BOOK NUMBER | |
| International Standard Book Number | 84-329-2113-0 |
| 082 ## - DEWEY DECIMAL CLASSIFICATION NUMBER | |
| Classification number | 691.42/M79 |
| 100 ## - MAIN ENTRY--PERSONAL NAME | |
| Personal name | Moreno G., Franco |
| 245 #0 - TITLE STATEMENT | |
| Title | El ladrillo en la construcción |
| 250 ## - EDITION STATEMENT | |
| Edition statement | 1a ed. |
| 260 ## - PUBLICATION, DISTRIBUTION, ETC. | |
| Place of publication, distribution, etc. | Barcelona |
| 260 ## - PUBLICATION, DISTRIBUTION, ETC. | |
| Name of publisher, distributor, etc. | EDICIONES CEAC, S. A. |
| 260 ## - PUBLICATION, DISTRIBUTION, ETC. | |
| Date of publication, distribution, etc. | 1981 |
| 300 ## - PHYSICAL DESCRIPTION | |
| Other physical details | il., tbl., graf. |
| 490 ## - SERIES STATEMENT | |
| Series statement | BIBLIOTECA CEAC DE CONSTRUCCIÓN |
| 500 ## - GENERAL NOTE | |
| General note | 2 ejemplares |
| 520 ## - SUMMARY, ETC. | |
| Summary, etc. | Analiza con gran precisión y sentido práctico cuanto se relaciona con la naturaleza y el empleo constructivo del ladrillo. |
| 650 ## - SUBJECT ADDED ENTRY--TOPICAL TERM | |
| Topical term or geographic name entry element | LADRILLOS |
| 942 ## - ADDED ENTRY ELEMENTS (KOHA) | |
| Koha item type | Libros |
| Fecha de la última vez que lo usaron | Pago total | Signatura topográfica completa | Código de barras | Precio efectivo desde | Tipo de documento | Estado perdido | Estado dañado | No es para préstamo | Retirado | Ubicación permanente | Ubicación actual | Fecha de adquisición | Número de ejemplar |
|---|---|---|---|---|---|---|---|---|---|---|---|---|---|
| 15/05/2020 | 691.42/M79 | Bib-Lima15051885 | 15/05/2020 | Libros | Biblioteca Central Lima | Biblioteca Central Lima | 15/05/2020 | ||||||
| 15/05/2020 | 691.42/M79 | Bib-Lima16051885 | 15/05/2020 | Libros | Biblioteca Central Lima | Biblioteca Central Lima | 15/05/2020 | Ej.2 |